100 (well, 42) Largest US Cities - J - Statistics

General Stats
  • This quiz has been taken 180 times
  • The average score is 22 of 42
Answer Stats
Rank Population City % Correct
16 32,188 Jackson, MI
100%
31 14,570 Jackson, MO
100%
3 154,340 Jackson, MS
100%
9 67,669 Jackson, TN
100%
41 10,659 Jackson, WY
100%
19 28,173 Jacksonville, AR
99%
1 929,647 Jacksonville, FL
99%
26 18,267 Jacksonville, IL
99%
8 71,758 Jacksonville, NC
99%
29 14,849 Jacksonville, TX
99%
37 12,376 Jacksonville, AL
97%
35 12,674 Jefferson, GA
72%
30 14,840 Jamestown, ND
66%
18 28,678 Jamestown, NY
66%
15 42,498 Jefferson City, MO
65%
4 146,572 Joliet, IL
59%
7 80,714 Jonesboro, AR
56%
2 258,523 Jersey City, NJ
55%
17 31,848 Juneau, AK
53%
33 13,859 Johnson City, NY
49%
10 67,200 Johnson City, TN
49%
34 13,275 Jasper, AL
47%
28 15,856 Jasper, IN
47%
11 66,619 Jupiter, FL
41%
12 64,759 Janesville, WI
36%
13 51,567 Joplin, MO
36%
5 111,953 Jurupa Valley, CA
35%
27 17,382 Johnstown, CO
34%
25 18,775 Johnstown, PA
34%
14 49,492 Jeffersonville, IN
31%
22 23,664 Johnston, IA
28%
6 85,097 Johns Creek, GA
22%
24 19,952 Junction City, KS
16%
20 27,335 Jeffersontown, KY
15%
38 12,320 Jerome, ID
13%
36 12,450 Justice, IL
13%
32 14,455 Jennings, MO
12%
23 23,624 Jacksonville Beach, FL
10%
21 24,781 Jenks, OK
9%
40 11,039 Jefferson Hills, PA
4%
42 10,224 Jacinto City, TX
3%
39 12,153 James Island, SC
3%
No matching quizzes found
Score Distribution
Percent of People with Each Score
Percentile by Number Answered
Your Score History
You have not taken this quiz